Por qué creer?: la verdadera religión
Guardat en:
| Autor principal: | |
|---|---|
| Format: | Llibre |
| Idioma: | espanyol |
| Publicat: |
Pamplona
Eunsa
1992
|
| Edició: | 3a. ed |
| Col·lecció: | Biblioteca NT Religión
|
| Matèries: | |
| Etiquetes: |
Afegir etiqueta
Sense etiquetes, Sigues el primer a etiquetar aquest registre!
|
MARC
| LEADER | 00000cam a2200000 a 4500 | ||
|---|---|---|---|
| 001 | UCD4716 | ||
| 003 | CL-VaPUC | ||
| 008 | 160717e19920100sp |||||||||||||||||spa|d | ||
| 020 | |a 843130457X | ||
| 082 | 0 | 4 | |a 239 |b AGU |2 21 |
| 100 | |a San Agustín de Hipona |x Teólogo y filósofo cristiano |9 311590 | ||
| 245 | 1 | 0 | |a Por qué creer?: la verdadera religión |
| 250 | |a 3a. ed | ||
| 300 | |a 303 p | ||
| 942 | |c BK | ||
| 945 | |d 20160717 19:54:00 |a arojas | ||
| 260 | |a Pamplona |b Eunsa |c 1992 | ||
| 650 | 0 | |a Apologética |9 269349 | |
| 650 | 0 | |a Fe cristiana |9 527676 | |
| 583 | |a last modification |c 20160717 19:54:00 |k Rodrigo Vera | ||
| 490 | 0 | |a Biblioteca NT Religión | |
| 999 | |c 365569 |d 365567 | ||
| 952 | |0 0 |1 0 |3 erb |4 0 |6 239_000000000000000_AGU_1992 |7 0 |8 A |9 479452 |a BIBTEO |b BIBTEO |e Villagrán Garnham, Jorge |i 5316758 |o 239 AGU 1992 |p 5316758 |r 2025-01-17 |w 2019-11-24 |y BK |z Catalogado en:20160717 |k ICR | ||